| 000 | 00726nam a2200241 4500 | ||
|---|---|---|---|
| 001 | 8757 | ||
| 003 | BD-RjUL | ||
| 005 | 20211208234638.0 | ||
| 008 | 190114s1970 maua 00110 eng | ||
| 035 | _a(BD-RjUL)8802 | ||
| 040 |
_aDLC _cDLC _dm.c. _dBOS _dBD-RjUL _beng |
||
| 041 | _aeng | ||
| 082 |
_2537 _bPUP _a23 |
||
| 100 | 1 |
_aPugh, Emerson M. _9237 |
|
| 245 | 1 | 0 |
_aPrinciples of electricity and magnetism / _c[by] Emerson M. Pugh [and] Emerson W. Pugh. |
| 250 | _a2d ed. | ||
| 260 |
_aReading, Mass. : _bAddison-Wesley Pub. Co., _cc1970. |
||
| 300 |
_axiii, 498 p. : _bill. ; _c24 cm. |
||
| 650 | 0 |
_aElectricity. _927240 |
|
| 650 | 0 |
_aMagnetism. _9240 |
|
| 700 | 1 | 0 |
_aPugh, Emerson W., _ejoint author. _9241 |
| 942 |
_2ddc _cBK _01 |
||
| 999 |
_c8757 _d8757 |
||